1796 1053 1815 1628 1064 1294 1680 1938 1753 1310 1919 1621 1343 1360 1296 1203 1576 1626 1983 1074 1619 1232 1270 1265 1257 1830 1568 1958 1469 1046 1076 1857 1506 1043 1738 1536 1486 1656 1938 1780 1498 1370 1059 1977 1646 1294 1272 1375 1634 1267 1537 1728 1571 1780 1305 1703 1168 1869 1401 1757 1868 1770 1201 1919 1563 1206 1989 1123 1317 1068 1462 1426 1845 1858 1140 1292 1666 1147 1206 1702 1251 1870 1842 1801 1896 1781 1641 1989 1501 1732 1461 1650 1086 1994 1864 1061 1604 1355 1925 BCNSPRNW ULIB Ver.6.0+V

เปลี่ยนเป็นภาษาไทย

Change to English
 แสดงรายละเอียดบรรณานุกรม
  กลับหน้าหลัก

Brief Record : Get Marc (ISO 2709) : E-mail record : QR code < ปิดหน้าต่าง
LEADER : 00000nam 2200000uu 4500
001    13399128846
003     ULIB
008    241009s2564||||th 000 0 tha d
020    ^a9786169368724
060 04 ^aWA30^bน688ด
100 0  ^aนิศากร บุญอาจ
245 10 ^aดูแลกันด้วยหัวใจความเป็นมนุษย์ ^b= Humanized care /^cนิศากร บุญอาจ
246 30 ^aดูแลกันด้วยหัวใจความเป็นมนุษย์ =^bHumanized care
246 31 ^aHumanized care
250    ^aพิมพ์ครั้งที่ 1
260    ^aนนทบุรี :^bบริษัทภาพพิมพ์,^c2564
300    ^a184 หน้า ;^c21 ซม.
650  4 ^aจิตวิทยา
945    ^p275^l0^i011086
945    ^p275^l0^i011087
999    ^aประนอม เกษจรัล
รายการนี้ยังไม่มีแท็ก
คุณยังไม่ได้ล็อกอิน คุณสามารถมีกิจกรรมร่วมกับเว็บไซต์ได้ แต่ต้องล็อกอินก่อน ::
  ล็อกอิน

รายการสื่อสารสนเทศ

ลำดับที่ ประเภท เลขเรียก/บาร์โค้ด สถานที่ สถานะ
1. วิทยาศาสตร์การแพทย์ และสุขภาพ
วิทยาศาสตร์การแพทย์ และสุขภาพ
WA30 น688ด ฉ.1 
  Barcode: 011086
ห้องสมุดวิทยาเขตสวรรค์ประชารักษ์
►หนังสือทั่วไป
บนชั้น
2. วิทยาศาสตร์การแพทย์ และสุขภาพ
วิทยาศาสตร์การแพทย์ และสุขภาพ
WA30 น688ด ฉ.2 
  Barcode: 011087
ห้องสมุดวิทยาเขตสวรรค์ประชารักษ์
►หนังสือทั่วไป
บนชั้น

รายการใกล้เคียง
    หัวเรื่อง [จิตวิทยา]

BibComment


ยังไม่เคยถูกคอมเมนท์

คอมเมนท์ทรัพยากรรายการนี้
  คอมเมนท์: ดูแลกันด้วยหัวใจ..


 Copyright 2026. Bcnsprnw @Library